Central Library, Doon University
WEBOPAC (ONLINE PUBLIC ACCESS CATALOGUE)

Industrial Economics (Record no. 61004)

MARC details
000 -LEADER
fixed length control field 00529nam a22002057a 4500
005 - DATE & TIME
control field 20260604124459.0
008 - FIXED-LENGTH DATA ELEMENTS--GENERAL INFORMATION
fixed length control field 260604b |||||||| |||| 00| 0 eng d
020 ## - ISBN
International Standard Book Number 9789371050951
Price 1098.00
040 ## - CATALOGING SOURCE
Original cataloging agency Doon University
041 ## - Language
Language English
082 ## - DDC NUMBER
Classification number 338
Book Number DES
100 ## - MAIN ENTRY--PERSONAL NAME
Personal name Desai, S.S.M.
245 ## - TITLE STATEMENT
Title Industrial Economics
Sub Title 6th
260 ## - PUBLICATION, DISTRIBUTION, ETC. (IMPRINT)
Place of publication, distribution, etc Mumbai
Name of publisher, distributor, etc Himalaya
Date of publication, distribution, etc 2026
300 ## - PHYSICAL DESCRIPTION
Pages 623
650 ## - Subject
Subject Economics (PM USHA)
700 ## - Added Entry Personal Name
Added Entry Personal Name Bhalerao, Nirmal
700 ## - Added Entry Personal Name
Added Entry Personal Name Phougat, Sunil
942 ## - ADDED ENTRY ELEMENTS (KOHA)
Koha item type Books
100 ## - MAIN ENTRY--PERSONAL NAME
-- 27016
650 ## - Subject
-- 26774
700 ## - Added Entry Personal Name
-- 27017
700 ## - Added Entry Personal Name
-- 25288
952 ## - LOCATION AND ITEM INFORMATION (KOHA)
-- 2026-06-04
952 ## - LOCATION AND ITEM INFORMATION (KOHA)
-- 2026-06-04
952 ## - LOCATION AND ITEM INFORMATION (KOHA)
-- 2026-06-04
952 ## - LOCATION AND ITEM INFORMATION (KOHA)
-- 2026-06-04
952 ## - LOCATION AND ITEM INFORMATION (KOHA)
-- 2026-06-04
Holdings
Withdrawn status Lost status Source of classification or shelving scheme Damaged status Not for loan Location (home branch) Sublocation or collection (holding branch) Date acquired Koha full call number Accession No. Koha date last seen Koha item type Koha issues (times borrowed)
        Not For Loan Doon University Doon University 04.06.2026 338 DES 34522 04.06.2026 Reference  
          Doon University Doon University 04.06.2026 338 DES 34523 04.06.2026 Books  
          Doon University Doon University 04.06.2026 338 DES 34524 04.06.2026 Books  
          Doon University Doon University 04.06.2026 338 DES 34525 04.06.2026 Books  
          Doon University Doon University 04.06.2026 338 DES 34526 04.06.2026 Books  
Contact : +91-135-2533126 (Library),+91-135-2533105 (Admin Office) , Email : doonlibrary@gmail.com

Powered by Koha